01524nam a2200385 a 4500001001200000003000800012006001900020007001500039008004100054020002300095020002300118020002000141020002000161020002700181040002100208035002100229050002300250100001700273245014400290260005700434300001600491490003500507504006400542533015200606650001500758650002500773650002900798655002900827700001800856710006800874710001700942830003600959856012600995999001701121ebr10403996CaPaEBRm u cr cn|||||||||100918s2010 enk sb 001 0 eng d z9780335236183 (pb) z9780335236190 (hb) z0335236189 (pb) z0335236197 (hb) z9780335239924 (e-book) aCaPaEBRcCaPaEBR a(OCoLC)68061671714aQP398b.L83 2010eb1 aLucas, Bill.10aNew kinds of smarth[electronic resource] :bhow the science of learnable intelligence is changing education /cBill Lucas and Guy Claxton. aMaidenhead, England :bOpen University Press,c2010. axiv, 215 p.1 aExpanding educational horizons aIncludes bibliographical references (p. 209-210) and index. aElectronic reproduction.bPalo Alto, Calif. :cebrary,d2011.nAvailable via World Wide Web.nAccess may be limited to ebrary affiliated libraries. 0aIntellect. 0aIntelligence levels. 0aLearning, Psychology of. 7aElectronic books.2local1 aClaxton, Guy.2 aCentre for Real-World Learning at the University of Winchester.2 aebrary, Inc. 0aExpanding educational horizons.40uhttp://site.ebrary.com/lib/rucke/Doc?id=10403996zAn electronic book accessible through the World Wide Web; click to view c81650d81650